书目信息 |
| 题名: |
手把手教你装修微店
|
|
| 作者: | 王俞 著 | |
| 分册: | ||
| 出版信息: | 北京 中国宇航出版社 2016 |
|
| 页数: | 244页 | |
| 开本: | 24cm | |
| 丛书名: | ||
| 单 册: | ||
| 中图分类: | F713.361.2 | |
| 科图分类: | ||
| 主题词: | 网店--设计--图象处理软件 | |
| 电子资源: | ||
| ISBN: | 978-7-5159-1102-1 | |
| 000 | 00767nam0 2200241 450 | |
| 001 | 351546 | |
| 005 | 20161017110020.31 | |
| 010 | @a978-7-5159-1102-1@dCNY58.00 | |
| 100 | @a20160608d2016 em y0chiy50 ea | |
| 101 | 0 | @achi |
| 102 | @aCN@b110000 | |
| 105 | @aa z 000yy | |
| 106 | @ar | |
| 200 | 1 | @a手把手教你装修微店@f王俞著 |
| 210 | @a北京@c中国宇航出版社@d2016 | |
| 215 | @a244页@c彩图@d24cm | |
| 300 | @a微店运营全攻略系列 | |
| 330 | @a本书从微店装修原则、微店首页设计、详情页设计、商品拍摄准备、不同品类商品拍摄技巧、图片美化以及案例分析七大部分,介绍微店如何设计、布局、配色与美化。 | |
| 606 | 0 | @a网店@x设计@x图象处理软件 |
| 690 | @aF713.361.2@v5 | |
| 701 | 0 | @a王俞@4著 |
| 801 | 0 | @aCN@bTANGWEI@c20160820 |
| 905 | @b0895220-4@dF713.361.2@e851@f5 | |
| 手把手教你装修微店/王俞著.-北京:中国宇航出版社,2016 |
| 244页:彩图;24cm |
| 微店运营全攻略系列 |
| ISBN 978-7-5159-1102-1:CNY58.00 |
| 本书从微店装修原则、微店首页设计、详情页设计、商品拍摄准备、不同品类商品拍摄技巧、图片美化以及案例分析七大部分,介绍微店如何设计、布局、配色与美化。 |
| ● |
| 相关链接 |
|
|
|
|
正题名:手把手教你装修微店
索取号:F713.361.2/851
 
预约/预借
| 序号 | 登录号 | 条形码 | 馆藏地/架位号 | 状态 | 备注 |
| 1 | 0895220 | 208952203 | 第一样本阅览室/ [索取号:F713.361.2/851] | 在馆 | |
| 2 | 0895221 | 208952212 | 第一借阅区/ [索取号:F713.361.2/851] | 在馆 | |
| 3 | 0895222 | 208952221 | 第一借阅区/ [索取号:F713.361.2/851] | 在馆 | |
| 4 | 0895223 | 208952230 | 第一借阅区/ [索取号:F713.361.2/851] | 在馆 | |
| 5 | 0895224 | 208952249 | 第一借阅区/ [索取号:F713.361.2/851] | 在馆 |